|
|
|
|
| LEADER |
00000cam a2200000 7i4500 |
| 001 |
0000000255 |
| 005 |
20020306.0 |
| 020 |
0 |
0 |
|a 9971691353
|
| 090 |
0 |
0 |
|a R583.095957
|b KEN 1990
|
| 100 |
1 |
0 |
|a KENG
|h Hsuan
|c 1923-
|
| 245 |
1 |
4 |
|a The concise flora of Singapore :
|b Gymnosperms and dicotyledons
|c Hsuan Keng; with illustrations by Ro-Siu Ling Keng
|
| 260 |
0 |
0 |
|a Singapore :
|b Singapore University Press, National University of Singapore ,
|c 1990
|
| 300 |
|
|
|a xxiii, 222 p., [116] p. of plates :
|b ill. ;
|c 26 cm.
|
| 650 |
0 |
0 |
|a Dicotyledons
|z Singapore
|x Classification
|
| 650 |
0 |
0 |
|a Dicotyledons
|z Singapore
|x Identification
|
| 650 |
0 |
0 |
|a Dicotyledons
|z Singapore
|x Pictorial works
|
| 650 |
0 |
0 |
|a Gymnosperms
|z Singapore
|x Classification
|
| 650 |
0 |
0 |
|a Gymnosperms
|z Singapore
|x Identification
|
| 650 |
0 |
0 |
|a Gymnosperms
|z Singapore
|x Pictorial works
|
| 700 |
0 |
1 |
|a Keng
|h Ro-Siu Ling
|
| 998 |
|
|
|a JPSM
|
| 999 |
|
|
|a 0000001432
|b Monograph
|c Reference
|e Default branch
|